[Event "VIE-chT"]
[Site "Hanoi"]
[Date "2023.04.18"]
[Round "1"]
[White "Nguyen, Minh1111"]
[Black "Cao, Sang"]
[Result "0-1"]
[WhiteElo "1402"]
[BlackElo "2376"]
[PlyCount "78"]
[EventDate "2023.04.18"]
[EventType "swiss"]
[EventRounds "9"]
[EventCountry "VIE"]
[SourceTitle "EXT 2024"]
[Source "ChessBase"]
[SourceDate "2023.10.10"]
[SourceVersion "1"]
[SourceVersionDate "2023.10.10"]
[SourceQuality "1"]

1. d4 Nf6 2. c4 e6 3. Nf3 b6 4. g3 Bb7 5. Bg2 Be7 6. 0-0 0-0 7. Nc3 Na6 8. Re1 Ne4 9. a3 Nxc3 10. bxc3 Be4 11. Bf4 Qc8 12. Nh4 Bxg2 13. Nxg2 Nb8 14. e4 Nc6 15. d5 Na5 16. Qa4 d6 17. Rad1 Qe8 18. Qb4 Qd7 19. c5 dxc5 20. Qb1 Rac8 21. Qa2 exd5 22. Rxd5 Qe6 23. Qa1 Nc4 24. Qa2 b5 25. Rdd1 Nb6 26. Qb1 c6 27. Ne3 g5 28. Bxg5 Bxg5 29. Nf5 Nc4 30. f4 Be7 31. Qd3 Kh8 32. Qf3 Bf6 33. Qh5 Bxc3 34. Re2 Rce8 35. Kg2 a5 36. Qf3 b4 37. a4 Rd8 38. Rc1 Rd2 39. Rxd2 Nxd2 0-1

[Event "VIE-ch"]
[Site "Tinh Bac Giang"]
[Date "2022.02.28"]
[Round "6"]
[White "Cao, Sang"]
[Black "Pham, Tran Gia Phuc"]
[Result "0-1"]
[WhiteElo "2401"]
[BlackElo "1912"]
[PlyCount "100"]
[EventDate "2022.02.28"]
[EventType "swiss"]
[EventRounds "9"]
[EventCountry "VIE"]
[SourceTitle "CBM 207 Extra"]
[Source "ChessBase"]
[SourceDate "2022.05.31"]
[SourceVersion "1"]
[SourceVersionDate "2022.05.31"]
[SourceQuality "1"]

1. e4 c5 2. Nf3 d6 3. d4 cxd4 4. Nxd4 Nf6 5. Nc3 a6 6. h3 e6 7. g4 Be7 8. Bg2 Qc7 9. 0-0 Nc6 10. Nde2 b5 11. Ng3 Bb7 12. a3 Nd7 13. Re1 0-0-0 14. a4 b4 15. Nce2 Nc5 16. c3 b3 17. Nd4 Na5 18. Qf3 Bf6 19. Qe2 g6 20. Bh6 e5 21. Nf3 Ne6 22. Qe3 Nc4 23. Qc1 d5 24. Nd2 Nc5 25. Nxc4 Nd3 26. Qe3 dxc4 27. Re2 Nf4 28. Qf3 Nxe2+ 29. Qxe2 Rd3 30. Nf1 Rhd8 31. Be3 a5 32. Qf3 R8d6 33. g5 Bd8 34. Qg4+ Qd7 35. Bf3 Qxg4+ 36. hxg4 Bxg5 37. Bxg5 Rxf3 38. Ne3 f6 39. Nxc4 Rdd3 40. Be3 Bxe4 41. Kh2 Bd5 42. Nb6+ Kc7 43. Nxd5+ Rxd5 44. Kg2 Rxe3 45. fxe3 Rd2+ 46. Kf3 Rxb2 47. Rh1 h5 48. gxh5 gxh5 49. Rxh5 Rb1 50. Rh2 f5 0-1

[Event "VIE-ch"]
[Site "Ho Chi Minh City"]
[Date "2021.03.26"]
[Round "4"]
[White "Cao, Sang"]
[Black "Le, Quang Vinh"]
[Result "1-0"]
[WhiteElo "2414"]
[BlackElo "1833"]
[PlyCount "49"]
[EventDate "2021.03.24"]
[EventType "swiss"]
[EventRounds "9"]
[EventCountry "VIE"]
[SourceTitle "EXT 2022"]
[Source "ChessBase"]
[SourceDate "2021.10.06"]
[SourceVersion "1"]
[SourceVersionDate "2021.10.06"]
[SourceQuality "1"]

1. e4 d6 2. d4 Nf6 3. Nc3 g6 4. Be3 Bg7 5. f3 0-0 6. Qd2 Nbd7 7. Bc4 e5 8. d5 a6 9. a4 b6 10. Nge2 Ne8 11. g4 f6 12. h4 Rf7 13. Ng3 Bf8 14. Na2 Ng7 15. Nb4 f5 16. Bg5 Qe8 17. h5 fxg4 18. fxg4 gxh5 19. gxh5 h6 20. Bxh6 Nc5 21. Nc6 Rf3 22. Qg2 Qf7 23. Be2 Rxg3 24. Qxg3 Nxe4 25. Qg2 1-0

[Event "VIE-chT"]
[Site "Bac Giang"]
[Date "2020.06.08"]
[Round "4.3"]
[White "Pham, Xuan Dat"]
[Black "Cao, Sang"]
[Result "0-1"]
[WhiteElo "2227"]
[BlackElo "2411"]
[PlyCount "58"]
[EventDate "2020.06.06"]
[EventType "swiss"]
[EventRounds "9"]
[EventCountry "VIE"]
[SourceTitle "CBM 197 Extra"]
[Source "ChessBase"]
[SourceDate "2020.09.30"]
[SourceVersion "1"]
[SourceVersionDate "2020.09.30"]
[SourceQuality "1"]

1. d4 Nf6 2. c4 e6 3. Nc3 Bb4 4. e3 Bxc3+ 5. bxc3 b6 6. Bd3 Bb7 7. f3 d6 8. e4 c5 9. Ne2 Nc6 10. 0-0 Qc7 11. f4 0-0-0 12. e5 Nd7 13. exd6 Qxd6 14. Ba3 Na5 15. Rf2 Nf6 16. Nc1 Qc6 17. Nb3 Nxb3 18. axb3 cxd4 19. cxd4 Rxd4 20. Qf1 Ng4 21. Rf3 Rhd8 22. Be2 Qe4 23. Rg3 h5 24. Bc1 Rd1 25. Bxd1 Qd4+ 26. Be3 Nxe3 27. Rxe3 Qxe3+ 28. Qf2 Qc3 29. Rb1 Be4 0-1

[Event "VIE-ch"]
[Site "Ho Chi Minh City"]
[Date "2019.05.02"]
[Round "2"]
[White "Cao, Sang"]
[Black "Nguyen, Van Toan Thanh"]
[Result "1-0"]
[WhiteElo "2411"]
[BlackElo "2015"]
[PlyCount "75"]
[EventDate "2019.05.02"]
[EventType "swiss"]
[EventRounds "9"]
[EventCountry "VIE"]
[SourceTitle "CBM 190 Extra"]
[Source "ChessBase"]
[SourceDate "2019.07.15"]
[SourceVersion "1"]
[SourceVersionDate "2019.07.15"]
[SourceQuality "1"]

1. e4 c5 2. Nf3 Nc6 3. Bb5 g6 4. Bxc6 bxc6 5. 0-0 Bg7 6. Re1 e5 7. c3 d6 8. d4 cxd4 9. cxd4 Bg4 10. dxe5 dxe5 11. Nbd2 Ne7 12. h3 Be6 13. Qe2 0-0 14. Nc4 Qc7 15. Be3 Rfd8 16. Rac1 f6 17. b4 Qb7 18. Bc5 Nc8 19. Red1 Nb6 20. Na5 Qc7 21. Rxd8+ Rxd8 22. Be3 Rd6 23. b5 Bf8 24. Nxc6 Qf7 25. a4 Bc4 26. Qe1 Nxa4 27. Ncxe5 fxe5 28. Nxe5 Qe8 29. Nxc4 Re6 30. Qa5 Nc5 31. Nd2 Nxe4 32. Nxe4 Rxe4 33. Bxa7 Bb4 34. Qa2+ Kg7 35. Qb2+ Kg8 36. Qb3+ Kg7 37. Rc7+ Kf8 38. Be3 1-0

[Event "VIE-ch"]
[Site "Ho Chi Minh City"]
[Date "2019.05.02"]
[Round "1"]
[White "Nguyen, Hoang Duc"]
[Black "Cao, Sang"]
[Result "0-1"]
[WhiteElo "2071"]
[BlackElo "2411"]
[PlyCount "56"]
[EventDate "2019.05.02"]
[EventType "swiss"]
[EventRounds "9"]
[EventCountry "VIE"]
[SourceTitle "CBM 190 Extra"]
[Source "ChessBase"]
[SourceDate "2019.07.15"]
[SourceVersion "1"]
[SourceVersionDate "2019.07.15"]
[SourceQuality "1"]

1. d4 Nf6 2. Nf3 e6 3. e3 b6 4. Bd3 Bb7 5. 0-0 Be7 6. Nbd2 c5 7. c4 0-0 8. b3 Nc6 9. Bb2 d5 10. Rc1 cxd4 11. exd4 Rc8 12. Re1 Na5 13. Ne5 Nc6 14. Ndf3 dxc4 15. bxc4 Nxe5 16. Nxe5 Nd7 17. Qh5 g6 18. Nxg6 fxg6 19. Bxg6 Nf6 20. Qh6 Rc7 21. Rxe6 Bb4 22. Bb1 Bc8 23. Re5 Rg7 24. d5 Ng4 25. Bxh7+ Kh8 26. Rg5 Nxh6 27. Rxg7 Ba3 28. Bc3 Rf6 0-1

[Event "Ho Chi Minh City HD Bank op 9th"]
[Site "Ho Chi Minh City"]
[Date "2019.03.08"]
[Round "3"]
[White "Cao, Sang"]
[Black "Xu, Yi"]
[Result "1/2-1/2"]
[WhiteElo "2385"]
[BlackElo "2520"]
[PlyCount "77"]
[EventDate "2019.03.07"]
[EventType "swiss"]
[EventRounds "9"]
[EventCountry "VIE"]
[SourceTitle "CBM 189 Extra"]
[Source "ChessBase"]
[SourceDate "2019.06.03"]
[SourceVersion "1"]
[SourceVersionDate "2019.06.03"]
[SourceQuality "1"]

1. e4 c5 2. Nf3 Nc6 3. Bb5 g6 4. 0-0 Bg7 5. Bxc6 dxc6 6. h3 Nf6 7. Nc3 Nd7 8. d3 e5 9. Be3 b6 10. Qd2 h6 11. Nh2 Nf8 12. f4 exf4 13. Rxf4 Be6 14. Raf1 Nd7 15. R4f2 Ne5 16. Nf3 g5 17. Ne2 Qd6 18. Qc1 0-0-0 19. Bd2 c4 20. Nxe5 Bxe5 21. Bc3 Bxc3 22. Nxc3 cxd3 23. Rd1 d2 24. Rdxd2 Qc5 25. Rxd8+ Rxd8 26. Qe1 Qe5 27. Rd2 Qc5+ 28. Kh2 Rxd2 29. Qxd2 Kc7 30. Kh1 Qe5 31. a4 h5 32. Qf2 Kb7 33. Kg1 g4 34. hxg4 hxg4 35. g3 f5 36. Qf4 Qd4+ 37. Qf2 Qe5 38. Qf4 Qd4+ 39. Qf2 1/2-1/2

[Event "Ho Chi Minh City HD Bank op 9th"]
[Site "Ho Chi Minh City"]
[Date "2019.03.08"]
[Round "2"]
[White "Pichot, Alan"]
[Black "Cao, Sang"]
[Result "0-1"]
[WhiteElo "2584"]
[BlackElo "2385"]
[PlyCount "142"]
[EventDate "2019.03.07"]
[EventType "swiss"]
[EventRounds "9"]
[EventCountry "VIE"]
[SourceTitle "CBM 189 Extra"]
[Source "ChessBase"]
[SourceDate "2019.06.03"]
[SourceVersion "1"]
[SourceVersionDate "2019.06.03"]
[SourceQuality "1"]

1. e4 c5 2. Nf3 Nc6 3. d4 cxd4 4. Nxd4 Qb6 5. Nb3 Nf6 6. Nc3 e6 7. Qe2 Bb4 8. Bd2 0-0 9. a3 Bxc3 10. Bxc3 e5 11. 0-0-0 Rd8 12. Rd6 Qc7 13. Rxf6 gxf6 14. Qg4+ Kf8 15. Qh4 Ke7 16. f4 d6 17. Be2 Qb6 18. Kb1 Qe3 19. fxe5 dxe5 20. Rf1 Rd6 21. Bc4 a5 22. Bd2 Qb6 23. Bg5 Nd8 24. Bh6 Bd7 25. Bd5 Rc8 26. Bd2 Qa6 27. Rf2 b6 28. Bc3 Rxc3 29. bxc3 b5 30. Nc5 Qc8 31. Nxd7 Qxd7 32. g4 h6 33. Qxh6 Qxg4 34. Qe3 Ne6 35. Kb2 Nf4 36. Ba2 Qd7 37. Qc5 Qc6 38. Qa7+ Rd7 39. Qxa5 Qxe4 40. Qb4+ Qxb4+ 41. cxb4 f5 42. a4 bxa4 43. Ka3 Kf6 44. b5 Ne6 45. Kb4 e4 46. Bxe6 Kxe6 47. Re2 Ke5 48. c4 f4 49. c5 f3 50. Rf2 Kf4 51. c6 Rc7 52. Kc5 e3 53. b6 Rxc6+ 54. Kxc6 exf2 55. b7 f1Q 56. b8Q+ Ke3 57. Qe5+ Kd2 58. Qa5+ Kc1 59. Qc3+ Kd1 60. Qa1+ Ke2 61. Qe5+ Kf2 62. Qg3+ Ke3 63. Qe5+ Kd2 64. Qa5+ Kd1 65. Qxa4+ Ke1 66. h4 Qd3 67. Qa5+ Kf1 68. h5 f2 69. Qg5 Ke1 70. Qe5+ Kd1 71. Qa1+ Kd2 0-1

[Event "VIE-chB"]
[Site "Ba Dinh"]
[Date "2018.11.30"]
[Round "5"]
[White "Pham, Chuong"]
[Black "Cao, Sang"]
[Result "1/2-1/2"]
[WhiteElo "2383"]
[BlackElo "2385"]
[PlyCount "50"]
[EventDate "2018.11.28"]
[EventType "swiss"]
[EventRounds "9"]
[EventCountry "VIE"]
[SourceTitle "EXT 2021"]
[Source "ChessBase"]
[SourceDate "2020.10.23"]
[SourceVersion "1"]
[SourceVersionDate "2020.10.23"]
[SourceQuality "1"]

1. d4 Nf6 2. c4 e6 3. g3 c5 4. d5 exd5 5. cxd5 d6 6. Nc3 g6 7. Bg2 Bg7 8. Nf3 0-0 9. 0-0 Re8 10. Bf4 Na6 11. Re1 Ne4 12. Rc1 g5 13. Nxe4 gxf4 14. Nc3 fxg3 15. hxg3 Nc7 16. e4 b5 17. e5 Bg4 18. exd6 Qxd6 19. Ne4 Qxd5 20. Qxd5 Nxd5 21. Nh2 Be6 22. Rxc5 Rab8 23. Nd6 Red8 24. Bxd5 Rxd6 25. Bxe6 fxe6 1/2-1/2

[Event "VIE-ch"]
[Site "Ho Chi Minh City"]
[Date "2018.04.28"]
[Round "3"]
[White "Nguyen, Huynh Minh Thien"]
[Black "Cao, Sang"]
[Result "0-1"]
[WhiteElo "2005"]
[BlackElo "2382"]
[PlyCount "94"]
[EventDate "2018.04.27"]
[EventType "swiss"]
[EventRounds "9"]
[EventCountry "VIE"]
[SourceTitle "CBM 184 Extra"]
[Source "ChessBase"]
[SourceDate "2018.06.28"]
[SourceVersion "1"]
[SourceVersionDate "2018.06.28"]
[SourceQuality "1"]

1. Nf3 Nf6 2. g3 d5 3. Bg2 Bf5 4. c4 c6 5. cxd5 cxd5 6. Qb3 Qb6 7. Qxb6 axb6 8. Nc3 Nc6 9. d3 e5 10. 0-0 h6 11. e4 dxe4 12. dxe4 Be6 13. Rd1 Bc5 14. Nd5 Nxe4 15. Nc7+ Ke7 16. Be3 Bxe3 17. fxe3 Rxa2 18. Rxa2 Bxa2 19. Nxe5 Nxe5 20. Bxe4 Rd8 21. Rxd8 Kxd8 22. Na8 b5 23. Bxb7 Kd7 24. Bg2 Kd6 25. b4 Be6 26. Bf1 Bc4 27. Nb6 Bxf1 28. Kxf1 Nd3 29. Nc8+ Kd5 30. Na7 Kc4 31. Nc6 f6 32. Ke2 Ne5 33. Nd4 Kxb4 34. Nf5 Ka3 35. Kd1 b4 36. Nd4 b3 37. Nb5+ Ka2 38. Nc3+ Ka1 39. h3 b2 40. Kc2 Nc4 41. Kd3 Nd6 42. Kc2 Nf5 43. e4 Nxg3 44. Kd3 g5 45. Ke3 h5 46. Kf3 h4 47. Ke3 g4 0-1

[Event "VIE-ch"]
[Site "Ho Chi Minh City"]
[Date "2018.04.27"]
[Round "2"]
[White "Cao, Sang"]
[Black "Pham, Xuan Dat"]
[Result "1/2-1/2"]
[WhiteElo "2382"]
[BlackElo "2138"]
[PlyCount "77"]
[EventDate "2018.04.27"]
[EventType "swiss"]
[EventRounds "9"]
[EventCountry "VIE"]
[SourceTitle "CBM 184 Extra"]
[Source "ChessBase"]
[SourceDate "2018.06.28"]
[SourceVersion "1"]
[SourceVersionDate "2018.06.28"]
[SourceQuality "1"]

1. Nf3 Nf6 2. c4 b6 3. b3 Bb7 4. Bb2 e6 5. e3 Be7 6. Be2 0-0 7. 0-0 d5 8. d4 Nbd7 9. Nc3 Ne4 10. Qc2 f5 11. Rac1 c6 12. Ne5 Nxe5 13. dxe5 Rc8 14. Nxe4 dxe4 15. Rcd1 Qc7 16. f4 exf3 17. Bxf3 Rcd8 18. g3 Rxd1 19. Rxd1 Bg5 20. Qe2 c5 21. h4 Be7 22. Qg2 Bxf3 23. Qxf3 Rd8 24. Kf2 Rxd1 25. Qxd1 Qc6 26. Qf3 Qe4 27. Qxe4 fxe4 28. Kg2 h5 29. Kh3 Kh7 30. g4 Kh6 31. Bc3 g5 32. hxg5+ Kxg5 33. gxh5 Kxh5 34. Kg2 Kg4 35. Kf2 Bh4+ 36. Ke2 Bg3 37. a4 Kh4 38. Bb2 a6 39. Bc3 1/2-1/2